00680nam a22001697a 4500008004100000020002200041050002000063100004100083245009800124250001200222260003300234300002100267500009100288942001200379952010200391999001700493151014t 2014mx | d||| 00| 0 spa d a978-84-206-9216-6 4aC B45 F477 20141 aFERRATER Mora, Josée, autor.996510aDiccionario de filosofía de bolsilloc/ José Ferrater Mora; Compilado por Priscilla Cohn. a3a ed.  aMéxicob: Alianzac, 2014. a860 p.; c18 cm. aQuinto y Sexto semestre, bibliografía básica CCH / Obras de consulta / (05 002168) cLB2lcc 00102lcc4070a04b04d2015-10-14l0oC B45 F477 2014p05 002168r2023-02-13t1w2015-10-14yLB c98285d98285